[Event "IECG Q1.2000.0.00117"]
[Site "IECG email"]
[Date "2000.07.22"]
[Round "?"]
[White "Aktunc, Ozgur"]
[Black "Narayanasami, Balaji"]
[Result "1-0"]
[WhiteElo "2055"]
[BlackElo "2000"]
[PlyCount "31"]
[EventDate "2000.06.22"]
[EventType "tourn (corr)"]
[EventRounds "6"]
[SourceTitle "Corr 2008"]
[Source "ChessBase"]
[SourceDate "2008.06.24"]
[SourceVersion "1"]
[SourceVersionDate "2008.06.24"]
[SourceQuality "1"]

1. e4 e6 2. d4 d5 3. Nd2 Nf6 4. e5 Nfd7 5. Bd3 Be7 6. c3 c5 7. Ne2 Nc6 8. Nf3 cxd4 9. cxd4 Qb6 10. a3 0-0 11. 0-0 a5 12. Qc2 g6 13. Bh6 Re8 14. b3 Nf8 15. Qd2 f6 16. exf6 1-0

[Event "IECC TH-M email"]
[Site "IECC email"]
[Date "1999.12.22"]
[Round "?"]
[White "Narayanasami, Balaji"]
[Black "Raeuchle, Walter"]
[Result "0-1"]
[WhiteElo "1000"]
[BlackElo "1321"]
[PlyCount "22"]
[EventDate "1999.??.??"]
[EventType "match (corr)"]
[EventRounds "2"]
[SourceTitle "Corr 2008"]
[Source "ChessBase"]
[SourceDate "2008.06.24"]
[SourceVersion "1"]
[SourceVersionDate "2008.06.24"]
[SourceQuality "1"]

1. e4 e6 2. d4 d5 3. Nc3 Bb4 4. e5 Ne7 5. h3 c5 6. a3 cxd4 7. Qxd4 Nbc6 8. Qg4 Bxc3+ 9. bxc3 0-0 10. f4 f6 11. exf6 Rxf6 0-1

[Event "IECC TH-M email"]
[Site "IECC email"]
[Date "1999.12.22"]
[Round "?"]
[White "Raeuchle, Walter"]
[Black "Narayanasami, Balaji"]
[Result "1-0"]
[WhiteElo "1326"]
[BlackElo "995"]
[PlyCount "27"]
[EventDate "1999.??.??"]
[EventType "match (corr)"]
[EventRounds "2"]
[SourceTitle "Corr 2008"]
[Source "ChessBase"]
[SourceDate "2008.06.24"]
[SourceVersion "1"]
[SourceVersionDate "2008.06.24"]
[SourceQuality "1"]

1. e4 e6 2. d4 d5 3. Nc3 Bb4 4. e5 c5 5. a3 Bxc3+ 6. bxc3 Ne7 7. h4 Nbc6 8. h5 h6 9. Nf3 Qc7 10. Be2 Nf5 11. g4 Nfe7 12. Rb1 Qa5 13. Qd2 a6 14. Bb2 1-0

[Event "IECG C1.1999.0.00236"]
[Site "IECG email"]
[Date "1999.11.28"]
[Round "?"]
[White "Tay, Junior"]
[Black "Narayanasami, Balaji"]
[Result "1-0"]
[WhiteElo "2194"]
[BlackElo "2000"]
[PlyCount "73"]
[EventDate "1999.09.29"]
[EventType "tourn (corr)"]
[EventRounds "6"]
[SourceTitle "Corr 2008"]
[Source "ChessBase"]
[SourceDate "2008.06.24"]
[SourceVersion "1"]
[SourceVersionDate "2008.06.24"]
[SourceQuality "1"]

1. e4 e6 2. d4 d5 3. Nc3 Bb4 4. e5 c5 5. a3 Bxc3+ 6. bxc3 Qc7 7. Qg4 f5 8. Qg3 Ne7 9. Qxg7 Rg8 10. Qxh7 cxd4 11. Kd1 Bd7 12. Nf3 Ba4 13. Rb1 Qxc3 14. Ne1 Qc7 15. h4 Nbc6 16. Bg5 Kd7 17. Bf6 Rae8 18. Rh3 Kc8 19. f4 Ng6 20. Qxc7+ Kxc7 21. Nd3 b6 22. h5 Nf8 23. Nb2 b5 24. Nxa4 bxa4 25. h6 Nh7 26. Bg7 Rb8 27. Rxb8 Rxb8 28. Kc1 Na5 29. Rd3 Nc6 30. Be2 Kd7 31. g4 fxg4 32. Bxg4 Ne7 33. Rxd4 Rb6 34. Rxa4 a6 35. Be2 Rb7 36. Bd3 Nf5 37. Rxa6 1-0

[Event "IECG Q1.1999.0.00097"]
[Site "IECG email"]
[Date "1999.11.10"]
[Round "?"]
[White "Ligeti, George"]
[Black "Narayanasami, Balaji"]
[Result "1-0"]
[WhiteElo "1862"]
[BlackElo "2000"]
[PlyCount "35"]
[EventDate "1999.11.10"]
[EventType "tourn (corr)"]
[EventRounds "6"]
[SourceTitle "Corr 2008"]
[Source "ChessBase"]
[SourceDate "2008.06.24"]
[SourceVersion "1"]
[SourceVersionDate "2008.06.24"]
[SourceQuality "1"]

1. d4 Nf6 2. c4 g6 3. Nc3 Bg7 4. Nf3 0-0 5. e4 d6 6. Bd3 e5 7. d5 Nbd7 8. 0-0 a5 9. Bc2 Nc5 10. h3 Nh5 11. Be3 Bd7 12. Re1 Qe8 13. Qd2 f5 14. Bxc5 dxc5 15. d6 c6 16. Na4 fxe4 17. Bxe4 Nf4 18. Nxc5 1-0

[Event "IECG Q1.1999.0.00097"]
[Site "IECG email"]
[Date "1999.11.10"]
[Round "?"]
[White "Narayanasami, Balaji"]
[Black "Batres Bianchi, Luis Carlos"]
[Result "0-1"]
[WhiteElo "2000"]
[BlackElo "2087"]
[PlyCount "32"]
[EventDate "1999.11.10"]
[EventType "tourn (corr)"]
[EventRounds "6"]
[SourceTitle "Corr 2008"]
[Source "ChessBase"]
[SourceDate "2008.06.24"]
[SourceVersion "1"]
[SourceVersionDate "2008.06.24"]
[SourceQuality "1"]

1. e4 c5 2. f4 e6 3. d3 Nc6 4. Nc3 d6 5. Nf3 Be7 6. Be2 Nf6 7. 0-0 0-0 8. h3 a6 9. Kh1 b5 10. g4 Nd4 11. Nxd4 cxd4 12. Nb1 Bb7 13. g5 Nd7 14. Rg1 Rc8 15. c3 dxc3 16. Nxc3 b4 0-1

[Event "IECG Q1.1999.0.00097"]
[Site "IECG email"]
[Date "1999.11.10"]
[Round "?"]
[White "Narayanasami, Balaji"]
[Black "Ligeti, George"]
[Result "0-1"]
[WhiteElo "2000"]
[BlackElo "1862"]
[PlyCount "38"]
[EventDate "1999.11.10"]
[EventType "tourn (corr)"]
[EventRounds "6"]
[SourceTitle "Corr 2008"]
[Source "ChessBase"]
[SourceDate "2008.06.24"]
[SourceVersion "1"]
[SourceVersionDate "2008.06.24"]
[SourceQuality "1"]

1. e4 e5 2. f4 exf4 3. Nf3 g5 4. h4 g4 5. Ne5 Qe7 6. d4 d6 7. Nxg4 Qxe4+ 8. Qe2 Qe7 9. Nf2 Bh6 10. Nd3 Bf5 11. Nxf4 Bxc2 12. Nc3 Qxe2+ 13. Bxe2 c6 14. 0-0 Nd7 15. Bd3 Bxd3 16. Nxd3 Bg7 17. Be3 Ngf6 18. Rae1 0-0 19. Bf4 d5 0-1

[Event "IECG C1.1999.0.00236"]
[Site "IECG email"]
[Date "1999.10.20"]
[Round "?"]
[White "Kharitonov, Aleksandr Alekseevi"]
[Black "Narayanasami, Balaji"]
[Result "1-0"]
[WhiteElo "2127"]
[BlackElo "2000"]
[PlyCount "53"]
[EventDate "1999.09.29"]
[EventType "tourn (corr)"]
[EventRounds "6"]
[SourceTitle "Corr 2008"]
[Source "ChessBase"]
[SourceDate "2008.06.24"]
[SourceVersion "1"]
[SourceVersionDate "2008.06.24"]
[SourceQuality "1"]

1. e4 e6 2. d4 d5 3. Nc3 Nf6 4. Bg5 Be7 5. e5 Nfd7 6. Bxe7 Qxe7 7. f4 0-0 8. Nf3 c5 9. Qd2 Nc6 10. dxc5 Qxc5 11. 0-0-0 Nb6 12. Kb1 f6 13. exf6 Rxf6 14. Bd3 Nc4 15. Qc1 b5 16. Ng5 g6 17. Nce4 dxe4 18. Nxe4 Qe7 19. Nxf6+ Qxf6 20. Be4 e5 21. Rhf1 Bf5 22. Bd5+ Kg7 23. g4 Bxg4 24. fxe5 N4xe5 25. Rxf6 Bxd1 26. Bxc6 Kxf6 27. Bxa8 1-0

[Event "IECG C1.1999.0.00236"]
[Site "IECG email"]
[Date "1999.10.01"]
[Round "?"]
[White "Narayanasami, Balaji"]
[Black "Barkwell, Michael C"]
[Result "1/2-1/2"]
[WhiteElo "2000"]
[BlackElo "1947"]
[PlyCount "96"]
[EventDate "1999.09.29"]
[EventType "tourn (corr)"]
[EventRounds "6"]
[SourceTitle "Corr 2008"]
[Source "ChessBase"]
[SourceDate "2008.06.24"]
[SourceVersion "1"]
[SourceVersionDate "2008.06.24"]
[SourceQuality "1"]

1. e4 e5 2. f4 Bc5 3. Nf3 d6 4. Nc3 Nf6 5. Bc4 Nc6 6. d3 Bg4 7. Na4 0-0 8. Nxc5 dxc5 9. 0-0 Re8 10. f5 Nd4 11. c3 Nxf3+ 12. gxf3 Bh3 13. Rf2 a6 14. Bg5 h6 15. Bxf6 Qxf6 16. Kh1 Rad8 17. Qg1 b5 18. Bb3 Rxd3 19. Qg3 Bxf5 20. exf5 Red8 21. Re1 c4 22. Bc2 Rd2 23. Rfe2 c5 24. f4 exf4 25. Qxf4 Qc6+ 26. Be4 Rxe2 27. Rxe2 Rd1+ 28. Kg2 Qf6 29. Rd2 Rxd2+ 30. Qxd2 a5 31. h3 b4 32. a3 Qh4 33. Bd5 Qe7 34. cxb4 cxb4 35. axb4 axb4 36. Kf3 Qc5 37. Be4 Qe7 38. Qf4 Qd8 39. Qe5 Qd1+ 40. Ke3 Qd8 41. Qc5 Qg5+ 42. Kd4 c3 43. Qc8+ Kh7 44. bxc3 bxc3 45. Qxc3 g6 46. fxg6+ fxg6 47. Qc7+ Kh8 48. Qc8+ Kg7 1/2-1/2

[Event "IECG C1.1999.0.00236"]
[Site "IECG email"]
[Date "1999.09.29"]
[Round "?"]
[White "Utesch, Wolfgang"]
[Black "Narayanasami, Balaji"]
[Result "1-0"]
[WhiteElo "1824"]
[BlackElo "2000"]
[PlyCount "81"]
[EventDate "1999.09.29"]
[EventType "tourn (corr)"]
[EventRounds "6"]
[SourceTitle "Corr 2008"]
[Source "ChessBase"]
[SourceDate "2008.06.24"]
[SourceVersion "1"]
[SourceVersionDate "2008.06.24"]
[SourceQuality "1"]

1. d4 Nf6 2. c4 g6 3. Nc3 Bg7 4. e4 d6 5. Nf3 0-0 6. h3 e5 7. d5 Nbd7 8. Bg5 h6 9. Be3 Nc5 10. Nd2 a5 11. a3 Nfd7 12. b4 f5 13. f3 Na6 14. Qb1 b6 15. Be2 Nf6 16. 0-0 Nh5 17. bxa5 bxa5 18. Qc2 Nf4 19. Kh2 Qg5 20. Rf2 Qh4 21. exf5 gxf5 22. Rg1 Rf7 23. Bf1 Nxh3 24. g3 Qh5 25. Bxh3 f4 26. g4 Qh4 27. Bb6 cxb6 28. Nde4 Bf8 29. Nb5 Rd7 30. Re2 Nc5 31. Nexd6 Qg5 32. Nf5 Bg7 33. Nbd6 Ba6 34. Nxg7 Rad8 35. Ne4 Nxe4 36. Ne6 Qh4 37. Qxe4 Rc8 38. Qg6+ Kh8 39. g5 h5 40. Rxe5 Bxc4 41. Nd4 1-0